L'utilisation de mót anglais dán un périodique réservé aux adolescents Vietnamiens. Conséquences sur L'apprentissage du Francais : Memoire de master en sciences de L' education. Spécialité et Méthodologie du francais langue étrangère

This research paper examines the effects of borrowed words from English on French teaching in Vietnam. The data analysis shows that the teaching and learning French today have a lot of difficulties.

Gespeichert in:
Bibliographische Detailangaben
1. Verfasser: Nguyen, Thanh Tong
Format: Buch
Sprache:Undetermined
Veröffentlicht: Can Tho Universite de Can Tho 2010
Schlagworte:
Tags: Tag hinzufügen
Keine Tags, Fügen Sie den ersten Tag hinzu!
Thư viện lưu trữ: Trung tâm Học liệu Trường Đại học Cần Thơ
LEADER 01257nam a2200241Ia 4500
001 CTU_163788
008 210402s9999 xx 000 0 und d
082 |a 495.9225 
082 |b T431 
088 |a 60140111 
100 |a Nguyen, Thanh Tong 
245 0 |a L'utilisation de mót anglais dán un périodique réservé aux adolescents Vietnamiens. Conséquences sur L'apprentissage du Francais : 
245 0 |b Memoire de master en sciences de L' education. Spécialité et Méthodologie du francais langue étrangère 
245 0 |c Nguyen Thanh Tong ; Directeur de recherche: Tran Thanh Ai 
260 |a Can Tho 
260 |b Universite de Can Tho 
260 |c 2010 
520 |a This research paper examines the effects of borrowed words from English on French teaching in Vietnam. The data analysis shows that the teaching and learning French today have a lot of difficulties. 
650 |a French language,Tiếng Pháp,Vietnamese language,Tiếng Việt 
650 |x Study and teaching,Vietnamese speakers,Dạy và học,Người nói tiếng Việt,Grammar, Comparative,Ngữ pháp, So sánh 
650 |z French,Tiếng Pháp 
904 |i Năm 
980 |a Trung tâm Học liệu Trường Đại học Cần Thơ